| 000 | 00000nam##2200000za#4500 |
| 001 | 9.534310 |
| 003 | CaOODSP |
| 005 | 20230111095935 |
| 007 | ta |
| 008 | 150406|2000||||xxc||||| f|0| 0 eng|d |
| 022 | |a1192-4454 |
| 040 | |aCaOODSP|beng |
| 041 | |aeng |
| 041 | |afre |
| 043 | |an-cn--- |
| 086 | 1 |aEn1-19/2000-1 |
| 110 | 1 |aCanada. |bState of the Environment Reporting. |
| 245 | 10|aEnvironmental sustainability of Canada's agricultural soils |
| 260 | |aOttawa - Ontario : |bEnvironment Canada. |c2000. |
| 300 | |aEnglish text, 8p. : |bgraphs ; |c28 cm. |
| 490 | 1 |aNational environmental indicator series |x1192-4454|v2000-1 |
| 546 | |aBilingual |
| 563 | |aLoose-leaf |
| 590 | |a00-33|b2000-08-18 |
| 690 | 07|aSoil|2gcpds |
| 690 | 07|aFarmlands|2gcpds |
| 776 | 0#|tEnvironmental sustainability of Canada's agricultural soils |w(CaOODSP)9.577588 |
| 776 | 0#|tLes sols agricoles écologiquement durables au Canada |w(CaOODSP)9.606157 |
| 792 | |tLes sols agricole écologiquement durables au Canada |efre|w(CaOODSP)9.534311 |
| 830 | #0|aNational environmental indicator series,|x1192-4454|v2000-1|w(CaOODSP)9.509236 |